Statistics for 5 Highest Mountains in Asia

Click here to take the quiz!

General Stats

  • This quiz has been taken 21 times
  • The average score is 3 of 5

Answer Stats

HintAnswer% Correct
8848mMount Everest
100%
8611mK2
81%
8586mKangchenjunga
31%
8516mLhotse
31%
8463mMakalu
13%

Score Distribution

Percentile by Number Answered

Percent of People with Each Score

Your Score History

You have not taken this quiz